| 000 | 00371nam a2200133Ia 4500 | ||
|---|---|---|---|
| 008 | 191201s2008 xx 000 0 und d | ||
| 082 | _a615.4 CAD | ||
| 100 | _aCARTER, S.J (ed) | ||
| 245 | 0 | _aCooper and Gunn's Dispensing for Pharmaceutical Students | |
| 260 |
_bCBS Pub and Distribution _aNew Delhi _c2008 |
||
| 300 | _a759 | ||
| 650 | _aPharmaceutical | ||
| 942 |
_2ddc _cBK |
||
| 999 |
_c8409 _d8409 |
||